Crisis y conflicto en el capitalismo latinoamericano: lecturas políticas /

Збережено в:
Бібліографічні деталі
Автор: Levy, Bettina
Співавтори: CLACSO, Asdi
Інші автори: comp
Формат: Текст
Опубліковано: Buenos Aires: CLACSO
Предмети:
Теги: Додати тег
Немає тегів, Будьте першим, хто поставить тег для цього запису!

MARC

LEADER 00000 a a2200000 04500
001 28576
003
040 |a CRAI/IIS  |c CRAI/IIS 
020 |a 950-9231-80-0  
090 |a 189105  
100 |a Levy, Bettina  
110 |a CLACSO  
245 |a Crisis y conflicto en el capitalismo latinoamericano: lecturas políticas /  |c CLACSO  
260 |a Buenos Aires:   |b CLACSO  
300 |a 355 p   |b **no definido**   |b fonodiscos  
650 |a ACCION COLECTIVA  
650 |a CONFLICTOS  
650 |a CONDICIONES ECONOMICAS  
650 |a ESTADO  
650 |a ACCIONES COLECTIVAS  
650 |a CONFLICTOS  
700 |a comp  
710 |a Asdi  
999 |c 12276  |d 12276